[Event "AUTO-ADV-248"]
[Site "http://www.queenalice.com/game.php?id=188450"]
[Date "2007.3.27"]
[Round "2"]
[White "don1kiko"]
[Black "CapivaraChess"]
[Result "0-1"]
[WhiteElo "1894"]
[BlackElo "2057"]

1. c4 Nf6 2. Nc3 e5 3. e4 Bc5 4. h3 O-O 5. Nf3 Nc6 6. a3 a6 7. b4 Ba7 8. Bb2 d6
9. d3 Nd4 10. Nd5 Nxd5 11. cxd5 Nxf3+ 12. gxf3 f5 13. h4 fxe4 14. dxe4 Rf4 15.
Rg1 Qf6 16. Bg2 Rxe4+ 17. Kd2 Rc4 18. Qe2 Qf4+ 19. Kd1 Bd7 20. Qd2 Ba4+ 21. Ke1
Qh2 0-1

[Event "AUTO-ADV-248"]
[Site "http://www.queenalice.com/game.php?id=188451"]
[Date "2007.3.27"]
[Round "2"]
[White "CapivaraChess"]
[Black "don1kiko"]
[Result "1-0"]
[WhiteElo "2043"]
[BlackElo "1896"]

1. e4 c5 2. Nf3 Nc6 3. d4 cxd4 4. Nxd4 e5 5. Nb5 a6 6. Nd6+ Bxd6 7. Qxd6 Nge7 8.
Nc3 O-O 9. Bg5 f6 10. Bc4+ Kh8 11. Be3 Nb4 12. Qxb4 b5 13. Bc5 Nc6 14. Qa3 b4
15. Bxb4 Nxb4 16. Qxb4 Ra7 17. O-O h6 18. Rfd1 Rb7 19. Qa3 Rb6 20. Rd6 Rxd6 21.
Qxd6 1-0

[Event "AUTO-ADV-248"]
[Site "http://www.queenalice.com/game.php?id=188452"]
[Date "2007.3.27"]
[Round "2"]
[White "mrshogi"]
[Black "CapivaraChess"]
[Result "0-1"]
[WhiteElo "2096"]
[BlackElo "2096"]

1. d4 d5 2. Nf3 Nf6 3. Bf4 e6 4. e3 c5 5. c3 Nc6 6. Nbd2 Bd6 7. Bg3 O-O 8. Bd3
Qe7 9. Ne5 Bxe5 10. Bxe5 Nd7 11. Bg3 e5 12. dxe5 Ncxe5 13. Be2 Nf6 14. O-O Bf5
15. Nf3 Nxf3+ 16. Bxf3 Be4 17. Be2 Rfe8 18. c4 Rad8 19. cxd5 Rxd5 20. Qb3 Rd2
21. Bb5 Red8 0-1

[Event "AUTO-ADV-248"]
[Site "http://www.queenalice.com/game.php?id=188453"]
[Date "2007.3.27"]
[Round "2"]
[White "CapivaraChess"]
[Black "mrshogi"]
[Result "1-0"]
[WhiteElo "2117"]
[BlackElo "2100"]

1. e4 e6 2. Nf3 d5 3. Nc3 Nf6 4. e5 Nfd7 5. d4 c5 6. dxc5 Nc6 7. Bf4 Bxc5 8. Bd3
f6 9. exf6 Nxf6 10. O-O O-O 11. Ne5 Bd7 12. Qe2 Nd4 13. Qd2 Rc8 14. Rae1 a6 15.
Be3 Kh8 16. Bxh7 Kxh7 17. Bxd4 Bd6 18. f4 Kg8 19. Ng6 Re8 20. Re3 Rc4 21. Rh3
Nh7 22. Be5 Bf8 23. Qd3 Re4 24. Nxe4 Bb5 25. Qg3 dxe4 26. Rxh7 1-0

[Event "AUTO-OPEN-339"]
[Site "http://www.queenalice.com/game.php?id=207973"]
[Date "2007.5.8"]
[Round "3"]
[White "CapivaraChess"]
[Black "Pato"]
[Result "1-0"]
[WhiteElo "2109"]
[BlackElo "1983"]

1. e4 Nc6 2. Nf3 d5 3. exd5 Qxd5 4. Nc3 Qa5 5. Bb5 a6 6. Bxc6+ bxc6 7. Qe2 Nf6
8. Ne5 Qb6 9. d3 e6 10. O-O Bd6 11. Be3 Qb7 12. Nc4 a5 13. Bg5 Nd5 14. Nxd6+
cxd6 15. Ne4 Qc7 16. c4 Ne7 17. c5 dxc5 18. Nxc5 O-O 19. Rac1 Nd5 20. Bh4 e5 21.
Bg3 f6 22. d4 Qe7 23. dxe5 fxe5 24. Qxe5 Qxe5 25. Bxe5 Bf5 26. h4 Rae8 27. f4
Nb4 28. a3 Nd3 29. Nxd3 Bxd3 30. Rf3 Be4 31. Rg3 g6 32. b3 Kf7 33. Re3 Bd5 34.
Rc5 Ra8 35. Kf1 Rfd8 36. h5 Rd7 37. hxg6+ hxg6 38. Rh3 Ke6 39. g4 Rb7 40. Kf2
Ra6 41. Rh6 Rxb3 42. Rxg6+ Kf7 43. Rf6+ 1-0

[Event "AUTO-OPEN-339"]
[Site "http://www.queenalice.com/game.php?id=207974"]
[Date "2007.5.8"]
[Round "3"]
[White "Pato"]
[Black "CapivaraChess"]
[Result "0-1"]
[WhiteElo "2066"]
[BlackElo "2079"]

1. f4 d5 2. Nf3 Nf6 3. b3 g6 4. Bb2 Bg7 5. e3 O-O 6. Be2 c5 7. O-O Nc6 8. Bb5
Bd7 9. Bxc6 Bxc6 10. Ne5 Qc7 11. Nxc6 Qxc6 12. d3 Rfd8 13. Nd2 Rac8 14. Qe2 b5
15. c4 a6 16. Be5 dxc4 17. dxc4 Ne4 18. Nxe4 Qxe4 19. Bxg7 Kxg7 20. cxb5 axb5
21. Qxb5 Qxe3+ 22. Kh1 e6 23. Rae1 Qd2 24. Qe2 Rd4 25. Qxd2 Rxd2 26. Ra1 c4 27.
bxc4 Rxc4 28. a4 Rcc2 29. Rg1 Ra2 30. h4 Rxg2 0-1

[Event "AUTO-OPEN-412"]
[Site "http://www.queenalice.com/game.php?id=218460"]
[Date "2007.5.30"]
[Round "2"]
[White "J_Ricardo"]
[Black "CapivaraChess"]
[Result "0-1"]
[WhiteElo "1588"]
[BlackElo "2077"]

1. e4 c5 2. Nf3 d6 3. Bc4 Nf6 4. a3 a6 5. d3 Nc6 6. Bd2 e6 7. O-O b5 8. Bb3 Be7
9. a4 b4 10. c3 O-O 11. Be3 Ng4 12. Qd2 Rb8 13. c4 f5 14. exf5 Rxf5 15. h3 Nxe3
16. Qxe3 Bf6 17. Ra2 Nd4 18. Nxd4 Bxd4 19. Qe2 Qg5 20. Nd2 Bb7 21. g3 Qxg3# 0-1

[Event "AUTO-OPEN-412"]
[Site "http://www.queenalice.com/game.php?id=218461"]
[Date "2007.5.30"]
[Round "2"]
[White "CapivaraChess"]
[Black "J_Ricardo"]
[Result "1-0"]
[WhiteElo "2094"]
[BlackElo "1557"]

1. e4 e5 2. Nf3 d6 3. d4 Nd7 4. Bc4 h6 5. Nc3 Ngf6 6. O-O exd4 7. Nxd4 Be7 8. a4
a6 9. f4 O-O 10. a5 Nc5 11. Re1 Bg4 12. Qd2 b6 13. b4 Ncxe4 14. Nxe4 Bd7 15.
axb6 cxb6 16. Nxf6+ Bxf6 17. Bd5 Ra7 18. Ra3 Bh4 19. Re4 Qf6 20. g3 Bxg3 21.
Rxg3 Bf5 22. Nxf5 Qxf5 23. Bb2 Rc7 24. Rxg7+ Kh8 25. Rxf7+ Kg8 26. Rxf5+ Kh7 27.
Qg2 Rxf5 28. Qg8# 1-0

[Event "AUTO-OPEN-412"]
[Site "http://www.queenalice.com/game.php?id=218472"]
[Date "2007.5.30"]
[Round "2"]
[White "CapivaraChess"]
[Black "CHESSGENIUS"]
[Result "1-0"]
[WhiteElo "2158"]
[BlackElo "2073"]

1. d4 c5 2. d5 d6 3. c4 Nf6 4. e4 Nxe4 5. Bd3 Nf6 6. Nf3 g6 7. O-O Bg7 8. Nc3
O-O 9. Re1 e5 10. Bd2 Na6 11. a3 h6 12. Qc1 Kh7 13. Qc2 Ne8 14. Kh1 f5 15. Ng1
Nec7 16. Rab1 Bd7 17. b4 cxb4 18. axb4 Qh4 19. Bf1 Qxf2 20. b5 Nb8 21. Nf3 e4
22. Re2 Qc5 23. Na4 Qa3 24. Re3 Qxe3 25. Bxe3 exf3 26. Bf4 fxg2+ 27. Bxg2 Ne8
28. c5 1-0

[Event "AUTO-OPEN-412"]
[Site "http://www.queenalice.com/game.php?id=218473"]
[Date "2007.5.30"]
[Round "2"]
[White "CHESSGENIUS"]
[Black "CapivaraChess"]
[Result "0-1"]
[WhiteElo "2126"]
[BlackElo "2128"]

1. d4 Nf6 2. c4 e6 3. Nc3 Bb4 4. Bg5 c5 5. dxc5 Qa5 6. Bd2 Qxc5 7. a3 Bxc3 8.
Bxc3 Nc6 9. e3 Ne4 10. Bxg7 Rg8 11. Bd4 Qa5+ 12. b4 Nxb4 13. axb4 Qxb4+ 14. Ke2
Qxc4+ 15. Kf3 Ng5+ 16. Kg3 Qd5 17. f4 Ne4+ 18. Kh4 e5 19. Bxe5 Qe6 20. Nh3 d5
21. Bb5+ Ke7 0-1

[Event "Challenge"]
[Site "http://www.queenalice.com/game.php?id=249089"]
[Date "2007.8.1"]
[Round "-"]
[White "Sidinei"]
[Black "CapivaraChess"]
[Result "1-0"]
[WhiteElo "2428"]
[BlackElo "2151"]

1. d4 Nf6 2. Nf3 g6 3. c4 Bg7 4. Nc3 d6 5. e4 O-O 6. Be2 e5 7. dxe5 dxe5 8. O-O
Nbd7 9. Be3 Ng4 10. Bg5 f6 11. Bc1 c6 12. Qa4 f5 13. h3 Ngf6 14. Rd1 Qe7 15.
exf5 gxf5 16. Qc2 e4 17. Nd4 Ne8 18. Bf4 Ne5 19. Qc1 Ng6 20. Bg5 Qe5 21. h4 f4
22. Qc2 Nd6 23. c5 Qxc5 24. Qb3+ Kh8 25. Ne6 Bxe6 26. Qxe6 Nf5 27. Nxe4 Qb4 28.
Nd6 Nd4 29. Rxd4 Qxd4 30. Nf7+ Rxf7 31. Qxf7 Qxb2 32. Re1 f3 33. Qxf3 Rf8 34.
Qg4 Qxa2 35. Be3 a5 36. h5 Ne5 37. Qe4 h6 38. Bc5 Rd8 39. Bb6 Rf8 40. Bc7 Nd7
41. Bf3 Qf7 42. Qh4 Qf5 43. Qe7 c5 44. Bd6 a4 45. Qe2 Rg8 46. Bg4 Qd5 47. Bg3
Rf8 48. Rd1 Bd4 49. Qe7 Rf7 50. Qe8+ Nf8 51. Be5+ Kg8 52. Bxd4 cxd4 53. Qxa4 Rf4
54. Bf3 Qe5 55. Qb3+ Kg7 56. Qxb7+ Rf7 57. Qb4 Rd7 58. Bg4 Rd8 59. Bf5 Kh8 60.
g4 Qd6 61. Qa5 Qd5 62. Qd2 Qd6 63. Ra1 Qf6 64. Qd3 Qe5 65. Ra6 Rd6 66. Ra8 Rf6
67. Rd8 Kg7 68. Rxd4 Qe1+ 69. Kg2 Qe7 70. Rd5 Rc6 71. Qd4+ Qf6 72. Re5 Rc7 73.
f4 Rf7 74. Kh3 Kh8 75. Qc3 Qg7 76. Qe3 Qf6 77. g5 Qd6 78. Qc3 Kg8 79. Be4 Qd7+
80. Kg3 Rg7 81. g6 Kh8 82. Bc6 1-0

[Event "AUTO-MASTER-399"]
[Site "http://www.queenalice.com/game.php?id=288636"]
[Date "2007.10.18"]
[Round "1"]
[White "CapivaraChess"]
[Black "joules"]
[Result "1-0"]
[WhiteElo "2167"]
[BlackElo "2116"]

1. e4 c6 2. d4 d5 3. exd5 cxd5 4. c4 Nf6 5. Nc3 Nc6 6. Bg5 e6 7. Nf3 Be7 8. c5
O-O 9. a3 Re8 10. Bb5 Bd7 11. O-O a6 12. Bd3 h6 13. Bh4 Bf8 14. Bc2 b6 15. b4 g5
16. Bg3 Bg7 17. h3 Bc8 18. Rb1 Ne4 19. Bxe4 dxe4 20. Nxe4 Nxd4 21. Nd6 Nxf3+ 22.
Qxf3 Rf8 23. Qxa8 1-0

[Event "AUTO-MASTER-399"]
[Site "http://www.queenalice.com/game.php?id=288637"]
[Date "2007.10.18"]
[Round "1"]
[White "joules"]
[Black "CapivaraChess"]
[Result "0-1"]
[WhiteElo "2127"]
[BlackElo "2147"]

1. Nf3 d5 2. g3 Nf6 3. Bg2 c6 4. d3 Bf5 5. Nbd2 h6 6. O-O e6 7. Qe1 Be7 8. b3
O-O 9. Bb2 Bh7 10. Ne5 Nfd7 11. f4 Nxe5 12. Bxe5 Qb6+ 13. Kh1 Nd7 14. Nf3 Nxe5
15. Nxe5 Rfe8 16. e4 Rad8 17. Rd1 Qa6 18. a4 f6 19. Ng4 dxe4 20. Bxe4 f5 0-1

[Event "AUTO-MASTER-399"]
[Site "http://www.queenalice.com/game.php?id=288640"]
[Date "2007.10.18"]
[Round "1"]
[White "CapivaraChess"]
[Black "razoman"]
[Result "1-0"]
[WhiteElo "2148"]
[BlackElo "1845"]

1. e4 g6 2. d4 Bg7 3. Nc3 c6 4. Nf3 d5 5. h3 e6 6. Bd3 Ne7 7. O-O O-O 8. Re1
dxe4 9. Nxe4 Nf5 10. c3 Nd7 11. Bf4 Nf6 12. Nxf6+ Bxf6 13. Qe2 Re8 14. Bxf5 gxf5
15. Ne5 Bxe5 16. dxe5 Qe7 17. Qh5 f6 18. Re3 Qf7 19. Rg3+ Kf8 20. Bh6+ 1-0

[Event "AUTO-MASTER-399"]
[Site "http://www.queenalice.com/game.php?id=288641"]
[Date "2007.10.18"]
[Round "1"]
[White "razoman"]
[Black "CapivaraChess"]
[Result "0-1"]
[WhiteElo "1862"]
[BlackElo "2144"]

1. d4 Nf6 2. c4 e6 3. Nc3 Bb4 4. a3 Bxc3+ 5. bxc3 c5 6. Bg5 O-O 7. e4 Qa5 8.
Bxf6 Qxc3+ 9. Ke2 gxf6 10. Qc1 Qxd4 11. f3 d5 12. cxd5 exd5 13. Qe1 dxe4 14.
Qg3+ Kh8 15. Rd1 exf3+ 0-1

[Event "AUTO-MASTER-399"]
[Site "http://www.queenalice.com/game.php?id=406187"]
[Date "2008.5.21"]
[Round "2"]
[White "m_2788"]
[Black "CapivaraChess"]
[Result "1/2-1/2"]
[WhiteElo "2037"]
[BlackElo "2195"]

1. d4 Nf6 2. c4 e6 3. Nf3 b6 4. Nc3 d5 5. cxd5 exd5 6. Bg5 c6 7. e3 Bd6 8. Bd3
h6 9. Bh4 O-O 10. Rc1 Re8 11. O-O Ba6 12. Re1 Bxd3 13. Qxd3 Nbd7 1/2-1/2

[Event "AUTO-MASTER-399"]
[Site "http://www.queenalice.com/game.php?id=406188"]
[Date "2008.5.21"]
[Round "2"]
[White "CapivaraChess"]
[Black "m_2788"]
[Result "1-0"]
[WhiteElo "2179"]
[BlackElo "2028"]

1. e4 c5 2. Nf3 d6 3. d4 cxd4 4. Nxd4 Nf6 5. Nc3 a6 6. Be3 e5 7. Nf3 Be7 8. Bc4
b5 9. Bd5 Nxd5 10. Qxd5 Qc7 11. Qxa8 Bb7 12. Qa7 Nc6 13. Qb6 Qd7 14. Bd2 Nb4 15.
O-O-O 1-0

[Event "AUTO-MASTER-399"]
[Site "http://www.queenalice.com/game.php?id=406189"]
[Date "2008.5.21"]
[Round "2"]
[White "tempii"]
[Black "CapivaraChess"]
[Result "1/2-1/2"]
[WhiteElo "2135"]
[BlackElo "2197"]

1. d4 Nf6 2. c4 e6 3. Nf3 d5 4. Bg5 Be7 5. e3 h6 6. Bh4 O-O 7. Nc3 Nbd7 8. Bd3
dxc4 9. Bxc4 a6 10. O-O b5 11. Bb3 Bb7 12. a3 c5 13. Bc2 Rc8 14. Qe2 Bxf3 15.
Qxf3 cxd4 16. exd4 Nb6 1/2-1/2

[Event "AUTO-MASTER-399"]
[Site "http://www.queenalice.com/game.php?id=406190"]
[Date "2008.5.21"]
[Round "2"]
[White "CapivaraChess"]
[Black "tempii"]
[Result "1-0"]
[WhiteElo "2186"]
[BlackElo "2146"]

1. e4 c5 2. Nf3 d6 3. d4 cxd4 4. Nxd4 Nf6 5. Nc3 a6 6. Be3 e5 7. Nf3 b5 8. a4 b4
9. Nd5 Nbd7 10. Bc4 Bb7 11. Ng5 Qa5 12. Nxf6+ Nxf6 13. Bxf7+ Ke7 14. Bb3 Bxe4
15. Nxe4 Nxe4 16. Bd5 b3+ 17. c3 Nxc3 18. Bg5+ Ke8 19. Bc6+ 1-0